[Event "RSA-ch U08 Girls"]
[Site "Bloemfontein"]
[Date "2016.03.25"]
[Round "10"]
[White "Meyer, Kaitlin"]
[Black "Malan, Jane"]
[Result "0-1"]
[WhiteElo "393"]
[BlackElo "440"]
[PlyCount "36"]
[EventDate "2016.03.20"]
[EventType "swiss"]
[EventRounds "11"]
[EventCountry "RSA"]
[SourceTitle "CBM 171 Extra"]
[Source "ChessBase"]
[SourceDate "2016.04.26"]
[SourceVersion "1"]
[SourceVersionDate "2016.04.26"]
[SourceQuality "1"]

1. e4 c5 2. Qh5 Nf6 3. Qe5 d6 4. Qc3 e6 5. Bc4 Be7 6. Qa3 Bd7 7. Ne2 0-0 8. f4 Nxe4 9. Qh3 Bh4+ 10. Kd1 Nf2+ 11. Ke1 Nxh1+ 12. Kf1 e5 13. fxe5 dxe5 14. g3 Qf6+ 15. Ke1 Qf2+ 16. Kd1 Bg4 17. gxh4 a6 18. Nbc3 Nc6 0-1

[Event "RSA-ch U08 Girls"]
[Site "Bloemfontein"]
[Date "2016.03.21"]
[Round "2"]
[White "Meyer, Kaitlin"]
[Black "Breytenbach, Anja"]
[Result "1-0"]
[WhiteElo "393"]
[BlackElo "367"]
[PlyCount "49"]
[EventDate "2016.03.20"]
[EventType "swiss"]
[EventRounds "11"]
[EventCountry "RSA"]
[SourceTitle "CBM 171 Extra"]
[Source "ChessBase"]
[SourceDate "2016.04.26"]
[SourceVersion "1"]
[SourceVersionDate "2016.04.26"]
[SourceQuality "1"]

1. e4 c6 2. Bc4 Nf6 3. Nc3 e5 4. Nf3 Bc5 5. Nxe5 d6 6. Ng4 Bxg4 7. f3 Bh5 8. g4 Bg6 9. g5 d5 10. exd5 cxd5 11. Bb5+ Nc6 12. Qe2+ Kf8 13. gxf6 a6 14. fxg7+ Kxg7 15. Bd3 Qh4+ 16. Kd1 Rhe8 17. Qg2 Re7 18. Nxd5 Re6 19. Ne3 Bxe3 20. dxe3 Ree8 21. Bd2 a5 22. Bc3+ Nd4 23. Bxd4+ Kh6 24. e4 Bh5 25. Qg7# 1-0